Children's Sunday School Work / (Record no. 5328)

MARC details
000 -LEADER
fixed length control field 00540nam a22001817a 4500
003 - CONTROL NUMBER IDENTIFIER
control field GBCCL
005 - DATE AND TIME OF LATEST TRANSACTION
control field 20241126110539.0
008 - FIXED-LENGTH DATA ELEMENTS--GENERAL INFORMATION
fixed length control field 180313b ||||| |||| 00| 0 eng d
040 ## - CATALOGING SOURCE
Transcribing agency gbc
082 ## - DEWEY DECIMAL CLASSIFICATION NUMBER
Classification number 268.432
Item number CHA
100 ## - MAIN ENTRY--PERSONAL NAME
Personal name Chamberlain, Eugene
9 (RLIN) 9611
245 ## - TITLE STATEMENT
Title Children's Sunday School Work /
Statement of responsibility, etc. Eugene Chamberlain & Robert G. Fulbright
260 ## - PUBLICATION, DISTRIBUTION, ETC.
Name of publisher, distributor, etc. Convention Press,
Place of publication, distribution, etc. Nashville:
Date of publication, distribution, etc. 1969
300 ## - PHYSICAL DESCRIPTION
Extent 172 p.;
Other physical details ill.,
Dimensions 21 cm.
650 ## - SUBJECT ADDED ENTRY--TOPICAL TERM
Topical term or geographic name entry element Sunday School
Form subdivision Children
9 (RLIN) 7116
650 ## - SUBJECT ADDED ENTRY--TOPICAL TERM
Topical term or geographic name entry element Religious Education
9 (RLIN) 6008
942 ## - ADDED ENTRY ELEMENTS (KOHA)
Source of classification or shelving scheme Dewey Decimal Classification
Koha item type Books
Koha issues (borrowed), all copies 3
Holdings
Withdrawn status Lost status Source of classification or shelving scheme Damaged status Not for loan Home library Current Library Shelving location Date acquired Total checkouts Full call number Barcode Date last seen Date last checked out Copy number Price effective from Koha item type
    Dewey Decimal Classification     GRACE BIBLE COLLEGE GRACE BIBLE COLLEGE Ministry & Mission 2018-03-13 3 268.432 CHA 009413 2025-05-01 2022-09-27 c.1 2018-03-13 Books
© Grace Bible College Library 2025